[Event "18. Obert Int. Sant Marti 2016 - B"]
[Site "Barcelona ESP"]
[Date "2016.07.18"]
[Round "6.60"]
[White "Antequera Garcia, Luis"]
[Black "Tortosa Moros, Joan"]
[Result "0-1"]
[WhiteElo "1333"]
[BlackElo "1719"]
[PlyCount "130"]
[EventDate "2016.07.13"]
[EventType "swiss"]
[EventRounds "9"]
[EventCountry "ESP"]
[SourceTitle "Ajedrez en Madrid"]
[Source "lmi"]
[SourceDate "2016.07.13"]
[SourceVersion "1"]
[SourceVersionDate "2019.06.21"]
[SourceQuality "1"]

1. e4 c5 2. Bc4 e6 3. Nf3 Nc6 4. Nc3 Nge7 5. d4 cxd4 6. Nxd4 a6 7. Nf3 g6 8.
Bf4 Bg7 9. Qd2 Qb6 10. Bb3 Na5 11. Na4 Qd8 12. O-O Nxb3 13. axb3 b5 14. Nc5
Bxb2 15. Rad1 Bg7 16. e5 Nd5 17. Bg3 O-O 18. c4 bxc4 19. bxc4 Nb6 20. Qf4 Qc7
21. Ne4 Qxc4 22. Rc1 Qa4 23. Rb1 Qc6 24. Rfc1 Qb7 25. Nf6+ Kh8 26. Ng5 Bh6 27.
Qh4 Kg7 28. Ngxh7 Rh8 29. Ng5 Qa7 30. Bf4 Nd5 31. Nxd5 exd5 32. Be3 d4 33. Nxf7
Kxf7 34. Qf6+ Kg8 35. Qxg6+ Bg7 36. Qe8+ Kh7 37. Qh5+ Kg8 38. Qe8+ Kh7 39. Qf7
Rf8 40. Qh5+ Kg8 41. Bg5 d6 42. exd6 Qf7 43. Qe2 d3 44. Qxd3 Qxf2+ 45. Kh1 Be6
46. Rf1 Qa2 47. Qg3 Rxf1+ 48. Rxf1 Qc4 49. Rc1 Qd5 50. Bh6 Qd4 51. Be3 Qe5 52.
Bf4 Qf5 53. h3 a5 54. Rc7 Bf7 55. d7 Rd8 56. Bg5 Rxd7 57. Rc8+ Kh7 58. Qh4+ Kg6
59. Rc6+ Be6 60. Bf4 Kf7 61. Kh2 Be5 62. g4 Qxf4+ 63. Kg2 Rd2+ 64. Kg1 Qh2+ 65.
Kf1 Qh1# 0-1

[Event "18. Obert Int. Sant Marti 2016 - B"]
[Site "Barcelona ESP"]
[Date "2016.07.18"]
[Round "6.65"]
[White "Ylla Soro, Rafael"]
[Black "Moya Nunez, Salvador"]
[Result "0-1"]
[WhiteElo "1559"]
[BlackElo "1175"]
[PlyCount "68"]
[EventDate "2016.07.13"]
[EventType "swiss"]
[EventRounds "9"]
[EventCountry "ESP"]
[SourceTitle "Ajedrez en Madrid"]
[Source "lmi"]
[SourceDate "2016.07.13"]
[SourceVersion "1"]
[SourceVersionDate "2019.06.21"]
[SourceQuality "1"]

1. e4 c5 2. Nc3 Nc6 3. g3 g6 4. Bg2 Bg7 5. Nge2 e6 6. d3 Nge7 7. O-O O-O 8. Bg5
h6 9. Be3 b6 10. Qd2 Kh7 11. f4 d5 12. exd5 exd5 13. d4 c4 14. Nd1 Re8 15. c3
Qd6 16. Kh1 Bb7 17. Ng1 a5 18. a4 Bc8 19. Nf3 Bf5 20. Nf2 Be6 21. g4 f6 22. h4
f5 23. Ne5 Bxe5 24. fxe5 Qd7 25. Bxh6 fxg4 26. Nxg4 Ng8 27. Nf6+ Nxf6 28. Rxf6
Ne7 29. Qg5 Rg8 30. Raf1 Nf5 31. Bh3 Rae8 32. Qf4 Nxh6 33. Bxe6 Rxe6 34. h5
Rxf6 0-1

[Event "18. Obert Int. Sant Marti 2016 - B"]
[Site "Barcelona ESP"]
[Date "2016.07.18"]
[Round "6.71"]
[White "Gomez Fernandez, Miquel"]
[Black "Minko, Uliana"]
[Result "0-1"]
[WhiteElo "1593"]
[BlackElo "1251"]
[PlyCount "66"]
[EventDate "2016.07.13"]
[EventType "swiss"]
[EventRounds "9"]
[EventCountry "ESP"]
[SourceTitle "Ajedrez en Madrid"]
[Source "lmi"]
[SourceDate "2016.07.13"]
[SourceVersion "1"]
[SourceVersionDate "2019.06.21"]
[SourceQuality "1"]

1. d4 d5 2. c4 dxc4 3. Nc3 e5 4. Nf3 Nd7 5. e3 a6 6. Bxc4 b5 7. Bb3 Bb7 8. O-O
Bd6 9. a3 c5 10. dxe5 Nxe5 11. Nxe5 Bxe5 12. Qh5 Qf6 13. Rd1 c4 14. Bc2 g6 15.
Qg4 Rd8 16. Ne4 Rxd1+ 17. Qxd1 Bxe4 18. Bxe4 Ne7 19. Ra2 O-O 20. f4 Bd6 21. Bd2
Qe6 22. Qc2 c3 23. bxc3 f5 24. Bf3 Bc5 25. Kf2 Rd8 26. Ra1 Kg7 27. Bc1 Nd5 28.
Bxd5 Rxd5 29. c4 bxc4 30. Qc3+ Kh6 31. Bb2 Qd7 32. Rf1 Qc7 33. Qf6 Qxf4+ 0-1

[Event "18. Obert Int. Sant Marti 2016 - B"]
[Site "Barcelona ESP"]
[Date "2016.07.19"]
[Round "7.2"]
[White "Cardenas, Fernando Adrian"]
[Black "Cano Sevila, Ivan"]
[Result "0-1"]
[WhiteElo "1943"]
[BlackElo "1853"]
[PlyCount "92"]
[EventDate "2016.07.13"]
[EventType "swiss"]
[EventRounds "9"]
[EventCountry "ESP"]
[SourceTitle "Ajedrez en Madrid"]
[Source "lmi"]
[SourceDate "2016.07.13"]
[SourceVersion "1"]
[SourceVersionDate "2019.06.21"]
[SourceQuality "1"]

1. Nf3 d5 2. d4 e6 3. c4 c6 4. e3 f5 5. Bd3 Nf6 6. b3 Bd6 7. O-O Qe7 8. Bb2 O-O
9. Qc1 Bd7 10. Ba3 Be8 11. Bxd6 Qxd6 12. cxd5 cxd5 13. Qa3 Qxa3 14. Nxa3 a6 15.
Rac1 Nc6 16. Ng5 Bd7 17. f3 Rac8 18. Nh3 Nb4 19. Bb1 Rxc1 20. Rxc1 Rc8 21.
Rxc8+ Bxc8 22. Nf2 Ne8 23. Nd3 Nxd3 24. Bxd3 Nd6 25. Kf2 Kf7 26. Ke1 Ke7 27.
Kd2 Kd7 28. Nb1 Kc7 29. Nc3 Bd7 30. h4 h6 31. a4 g5 32. g3 Be8 33. Ne2 Bh5 34.
Ng1 Kb6 35. Kc3 Ka5 36. Bc2 b5 37. b4+ Kb6 38. a5+ Kc6 39. hxg5 hxg5 40. Bd3 g4
41. f4 Nc4 42. Bxc4 dxc4 43. Ne2 Kd5 44. Kd2 Ke4 45. Nc3+ Kf3 46. Nxb5 axb5 0-1

[Event "18. Obert Int. Sant Marti 2016 - B"]
[Site "Barcelona ESP"]
[Date "2016.07.19"]
[Round "7.3"]
[White "Perez Garcia, Jose Miguel"]
[Black "Carrey Abellan, Enric"]
[Result "1-0"]
[WhiteElo "1904"]
[BlackElo "1911"]
[PlyCount "77"]
[EventDate "2016.07.13"]
[EventType "swiss"]
[EventRounds "9"]
[EventCountry "ESP"]
[SourceTitle "Ajedrez en Madrid"]
[Source "lmi"]
[SourceDate "2016.07.13"]
[SourceVersion "1"]
[SourceVersionDate "2019.06.21"]
[SourceQuality "1"]

1. Nf3 Nf6 2. g3 c5 3. c4 g6 4. Bg2 Bg7 5. O-O O-O 6. Nc3 Nc6 7. d3 d6 8. Rb1
a6 9. a3 Rb8 10. b4 cxb4 11. axb4 Nd7 12. Bd2 b5 13. Ne1 Nce5 14. h3 Bb7 15.
cxb5 Bxg2 16. Kxg2 axb5 17. f4 Nc6 18. Nf3 Qc8 19. Rc1 Qb7 20. Nd5 Rfe8 21. e4
e6 22. Ne3 Rec8 23. h4 Nb6 24. h5 Nd4 25. hxg6 hxg6 26. Nxd4 Bxd4 27. Qg4 d5
28. f5 dxe4 29. fxe6 exd3+ 30. Rf3 Rxc1 31. exf7+ Kf8 32. Qxd4 Rcc8 33. Nf5
gxf5 34. Qh8+ Kxf7 35. Qh7+ Kf6 36. Qxf5+ Ke7 37. Qf7+ Kd6 38. Bf4+ Kc6 39.
Qe6# 1-0

[Event "18. Obert Int. Sant Marti 2016 - B"]
[Site "Barcelona ESP"]
[Date "2016.07.19"]
[Round "7.4"]
[White "Lleyda Naval, Justo"]
[Black "Cervello I Tost, Roger"]
[Result "0-1"]
[WhiteElo "1818"]
[BlackElo "1910"]
[PlyCount "86"]
[EventDate "2016.07.13"]
[EventType "swiss"]
[EventRounds "9"]
[EventCountry "ESP"]
[SourceTitle "Ajedrez en Madrid"]
[Source "lmi"]
[SourceDate "2016.07.13"]
[SourceVersion "1"]
[SourceVersionDate "2019.06.21"]
[SourceQuality "1"]

1. e4 e5 2. Nf3 Nc6 3. Bb5 a6 4. Ba4 Nf6 5. d4 exd4 6. e5 Ne4 7. O-O Be7 8. Re1
Nc5 9. Bxc6 dxc6 10. Qxd4 O-O 11. Nc3 Ne6 12. Qxd8 Rxd8 13. Be3 b6 14. Red1 Bb7
15. Nd4 Nxd4 16. Rxd4 Rxd4 17. Bxd4 Bg5 18. Ne2 c5 19. Bc3 Be4 20. f4 Be7 21.
Rc1 Rd8 22. Ng3 Bb7 23. Nf5 Bf8 24. Ne3 b5 25. Be1 c4 26. Rd1 Rxd1 27. Nxd1 Be4
28. c3 a5 29. a3 Bc5+ 30. Bf2 Be7 31. Be1 Kf8 32. Nf2 Bc5 33. Kf1 Bd3+ 34. Nxd3
cxd3 35. Bf2 Bxf2 36. Kxf2 c5 37. b3 c4 38. bxc4 bxc4 39. g4 Ke7 40. Ke3 Ke6
41. h3 g5 42. fxg5 Kxe5 43. h4 d2 0-1

[Event "18. Obert Int. Sant Marti 2016 - B"]
[Site "Barcelona ESP"]
[Date "2016.07.19"]
[Round "7.5"]
[White "Khudov, Oleksandr"]
[Black "Palacios Pena, Gerardo"]
[Result "1/2-1/2"]
[WhiteElo "1847"]
[BlackElo "1903"]
[PlyCount "80"]
[EventDate "2016.07.13"]
[EventType "swiss"]
[EventRounds "9"]
[EventCountry "ESP"]
[SourceTitle "Ajedrez en Madrid"]
[Source "lmi"]
[SourceDate "2016.07.13"]
[SourceVersion "1"]
[SourceVersionDate "2019.06.21"]
[SourceQuality "1"]

1. c4 c6 2. d4 d5 3. cxd5 cxd5 4. Bf4 Nc6 5. e3 Qb6 6. Qd2 Nf6 7. Nc3 e6 8. Bd3
Bb4 9. a3 Qa5 10. Nge2 O-O 11. O-O Bxc3 12. Nxc3 a6 13. Qc2 h6 14. Na4 Nd7 15.
b4 Qd8 16. Nc5 Nxc5 17. bxc5 Re8 18. Qc3 Qf6 19. Be5 Nxe5 20. dxe5 Qe7 21. Rab1
Qc7 22. e4 Bd7 23. exd5 exd5 24. f4 Rac8 25. Rbc1 Bb5 26. Bxb5 axb5 27. Qb3 Qc6
28. Kh1 Red8 29. Rb1 Qxc5 30. Qxb5 Qxa3 31. Qxb7 Qd3 32. Qb5 Qxb5 33. Rxb5 Rc2
34. Rd1 d4 35. g3 Ra8 36. Rb3 Raa2 37. h4 Rh2+ 38. Kg1 Rag2+ 39. Kf1 Rc2 40.
Kg1 Rcg2+ 1/2-1/2

[Event "18. Obert Int. Sant Marti 2016 - B"]
[Site "Barcelona ESP"]
[Date "2016.07.19"]
[Round "7.6"]
[White "Esteban Lupianez, Jose Miguel"]
[Black "Minko, Olga"]
[Result "0-1"]
[WhiteElo "1715"]
[BlackElo "1509"]
[PlyCount "80"]
[EventDate "2016.07.13"]
[EventType "swiss"]
[EventRounds "9"]
[EventCountry "ESP"]
[SourceTitle "Ajedrez en Madrid"]
[Source "lmi"]
[SourceDate "2016.07.13"]
[SourceVersion "1"]
[SourceVersionDate "2019.06.21"]
[SourceQuality "1"]

1. e4 e5 2. Nf3 Nc6 3. Bb5 Nf6 4. O-O Nxe4 5. Re1 Nd6 6. Bxc6 bxc6 7. Nxe5 Be7
8. d4 O-O 9. c4 Bf6 10. c5 Nb7 11. Ng4 d6 12. Nxf6+ Qxf6 13. cxd6 cxd6 14. Nc3
d5 15. Be3 Nd6 16. Rc1 Nf5 17. Qf3 Qh4 18. Ne2 Bd7 19. g3 Qf6 20. Qf4 Rfc8 21.
Bd2 Rab8 22. Bc3 Qg6 23. Kh1 Nd6 24. b3 Ne4 25. Bb2 Qh5 26. Nc3 Ng5 27. Re3 Bg4
28. h4 Nh3 29. Qe5 Qxe5 30. Rxe5 Nxf2+ 31. Kg2 Nd3 32. Rc2 Nxe5 33. dxe5 Re8
34. Na4 Rbc8 35. Bd4 Bf5 36. Re2 f6 37. Nc5 fxe5 38. Bxe5 d4 39. Kf2 d3 40. Re3
d2 0-1

[Event "18. Obert Int. Sant Marti 2016 - B"]
[Site "Barcelona ESP"]
[Date "2016.07.19"]
[Round "7.7"]
[White "Colom Andres, Xavier"]
[Black "Hinarejos Montano, Andres"]
[Result "1-0"]
[WhiteElo "1812"]
[BlackElo "1620"]
[PlyCount "63"]
[EventDate "2016.07.13"]
[EventType "swiss"]
[EventRounds "9"]
[EventCountry "ESP"]
[SourceTitle "Ajedrez en Madrid"]
[Source "lmi"]
[SourceDate "2016.07.13"]
[SourceVersion "1"]
[SourceVersionDate "2019.06.21"]
[SourceQuality "1"]

1. d4 d5 2. c4 c6 3. Nc3 e6 4. Nf3 Be7 5. Qc2 h6 6. e4 dxe4 7. Nxe4 Nd7 8. c5
Ngf6 9. Nd6+ Bxd6 10. cxd6 O-O 11. Bf4 Nb6 12. Bd3 Nbd5 13. Be5 Nb4 14. Qd2
Nxd3+ 15. Qxd3 Ne8 16. Qa3 b5 17. Nd2 a5 18. Ne4 f5 19. Nd2 Rf7 20. g4 b4 21.
Qg3 Raa7 22. Rc1 Bb7 23. Rg1 Qg5 24. Qb3 Qg6 25. f4 Rd7 26. Kf2 fxg4 27. Nc4
Ra6 28. Ne3 Kh8 29. Rxg4 Qf7 30. Rcg1 Qg8 31. Rg6 Rf7 32. Rxh6+ 1-0

[Event "18. Obert Int. Sant Marti 2016 - B"]
[Site "Barcelona ESP"]
[Date "2016.07.19"]
[Round "7.8"]
[White "Garcia Ruiz, Adrian"]
[Black "Bieg Pagel, Clemens"]
[Result "0-1"]
[WhiteElo "1884"]
[BlackElo "1866"]
[PlyCount "100"]
[EventDate "2016.07.13"]
[EventType "swiss"]
[EventRounds "9"]
[EventCountry "ESP"]
[SourceTitle "Ajedrez en Madrid"]
[Source "lmi"]
[SourceDate "2016.07.13"]
[SourceVersion "1"]
[SourceVersionDate "2019.06.21"]
[SourceQuality "1"]

1. d4 d5 2. Nf3 Nf6 3. c4 e6 4. Nc3 Bb4 5. e3 Nc6 6. Bd3 O-O 7. O-O dxc4 8.
Bxc4 Bd6 9. e4 e5 10. d5 Nb8 11. h3 Nbd7 12. Bg5 Re8 13. Rc1 a6 14. Qc2 h6 15.
Be3 Nf8 16. a4 g5 17. Qd2 Ng6 18. Rfd1 Nh5 19. Nh2 Nhf4 20. Bf1 Kg7 21. f3 Bd7
22. Ne2 Bxa4 23. Ng3 Bxd1 24. Nf5+ Kh7 25. Qxd1 Ne7 26. Ng3 Rg8 27. Ng4 Rg6 28.
Qb3 h5 29. Nf2 b6 30. Bxf4 gxf4 31. Nxh5 Kh6 32. Nxf4 exf4 33. e5 Bxe5 34. Ng4+
Rxg4 35. hxg4 Bd4+ 36. Kh2 Kg5 37. g3 fxg3+ 38. Kxg3 Nxd5 39. f4+ Kf6 40. Bg2
Ne3 41. Bc6 Rc8 42. Re1 Qd6 43. Bf3 Re8 44. Rh1 Kg7 45. Qa4 b5 46. Qb3 c5 47.
Qd3 c4 48. Qh7+ Kf8 49. Rh6 Nf1+ 50. Kg2 Qxf4 0-1

[Event "18. Obert Int. Sant Marti 2016 - B"]
[Site "Barcelona ESP"]
[Date "2016.07.19"]
[Round "7.9"]
[White "Flores Mendoza, Jose Antonio"]
[Black "Elizondo Marquet, Juan Marcos"]
[Result "0-1"]
[WhiteElo "1877"]
[BlackElo "1870"]
[PlyCount "114"]
[EventDate "2016.07.13"]
[EventType "swiss"]
[EventRounds "9"]
[EventCountry "ESP"]
[SourceTitle "Ajedrez en Madrid"]
[Source "lmi"]
[SourceDate "2016.07.13"]
[SourceVersion "1"]
[SourceVersionDate "2019.06.21"]
[SourceQuality "1"]

1. d4 d5 2. Nf3 Nf6 3. Bf4 c5 4. c3 Nc6 5. e3 Qb6 6. Qb3 c4 7. Qxb6 axb6 8. Na3
Na7 9. Bc7 e6 10. Nc2 b5 11. Be2 Nc6 12. O-O b4 13. cxb4 Nxb4 14. Nxb4 Bxb4 15.
Be5 Be7 16. Bxf6 Bxf6 17. b3 b5 18. a4 bxa4 19. bxc4 dxc4 20. Bxc4 Bd7 21. Rfb1
O-O 22. Bb5 Bxb5 23. Rxb5 Rfc8 24. Kf1 g6 25. Ke2 Rc2+ 26. Nd2 a3 27. Kd3 Rc7
28. Ne4 Be7 29. Nc5 e5 30. Kc4 exd4 31. exd4 Bf6 32. Rb4 Rd8 33. Rd1 Ra8 34.
Ra1 a2 35. Rb7 Rcc8 36. Rb2 Ra4+ 37. Kb5 Rxd4 38. Rbxa2 Rd5 39. Rc1 Be7 40.
Rac2 Rg5 41. f4 Rd5 42. g3 Kg7 43. Kb6 Bxc5+ 44. Rxc5 Rcxc5 45. Rxc5 Rd2 46. g4
Rd4 47. Rc3 Rxf4 48. Rg3 h6 49. Kc5 Kf6 50. Kd5 Rf2 51. h3 Kg5 52. Ke4 Kh4 53.
Re3 Rh2 54. Rf3 Rxh3 55. Rxf7 Kxg4 56. Rf4+ Kg5 57. Rf1 Rg3 0-1

[Event "18. Obert Int. Sant Marti 2016 - B"]
[Site "Barcelona ESP"]
[Date "2016.07.19"]
[Round "7.10"]
[White "Ritter Aguilar, Jordi"]
[Black "Ji, Pablo"]
[Result "0-1"]
[WhiteElo "1868"]
[BlackElo "1606"]
[PlyCount "90"]
[EventDate "2016.07.13"]
[EventType "swiss"]
[EventRounds "9"]
[EventCountry "ESP"]
[SourceTitle "Ajedrez en Madrid"]
[Source "lmi"]
[SourceDate "2016.07.13"]
[SourceVersion "1"]
[SourceVersionDate "2019.06.21"]
[SourceQuality "1"]

1. c4 c5 2. Nc3 Nc6 3. g3 Nf6 4. Bg2 e6 5. e4 e5 6. Nge2 d6 7. h3 Be6 8. Nd5
Bxd5 9. cxd5 Nd4 10. Nxd4 cxd4 11. O-O Be7 12. d3 O-O 13. f4 b5 14. b4 a5 15.
bxa5 Rxa5 16. Bd2 Ra4 17. a3 Qd7 18. Bb4 Rc8 19. Rc1 Raa8 20. Rf2 Bd8 21. Rfc2
Rxc2 22. Qxc2 Ne8 23. fxe5 dxe5 24. Qc5 h6 25. d6 Bf6 26. Kh2 Ra7 27. h4 g5 28.
Qc8 g4 29. Bf1 h5 30. Be2 Kh7 31. Qc5 Bg7 32. Rf1 f6 33. Rf5 Kg6 34. Qd5 Ra6
35. Qg8 Rc6 36. Bxg4 Rc2+ 37. Kg1 hxg4 38. Rh5 Qc6 39. Be1 Rc1 40. Kf1 Rxe1+
41. Kxe1 Qc1+ 42. Ke2 Qe3+ 43. Kd1 Qxd3+ 44. Kc1 Nxd6 45. Rh7 Qc4+ 0-1

[Event "18. Obert Int. Sant Marti 2016 - B"]
[Site "Barcelona ESP"]
[Date "2016.07.19"]
[Round "7.11"]
[White "Minguell Soler, Joan"]
[Black "Alquezar Calpena, Marc"]
[Result "1-0"]
[WhiteElo "1942"]
[BlackElo "1792"]
[PlyCount "47"]
[EventDate "2016.07.13"]
[EventType "swiss"]
[EventRounds "9"]
[EventCountry "ESP"]
[SourceTitle "Ajedrez en Madrid"]
[Source "lmi"]
[SourceDate "2016.07.13"]
[SourceVersion "1"]
[SourceVersionDate "2019.06.21"]
[SourceQuality "1"]

1. d4 Nf6 2. c4 g6 3. Nc3 Bg7 4. e4 d6 5. Nf3 O-O 6. Be2 c5 7. O-O cxd4 8. Nxd4
a6 9. Be3 Qc7 10. Rc1 Nc6 11. f3 Nxd4 12. Bxd4 Be6 13. Nd5 Nxd5 14. cxd5 Qxc1
15. Qxc1 Bxd4+ 16. Kh1 Bd7 17. Qc7 Rfd8 18. Qxb7 Rab8 19. Qc7 Kf8 20. Bxa6 Ke8
21. b3 Rb6 22. Bb7 Bc5 23. Rc1 Bb5 24. Rxc5 1-0

[Event "18. Obert Int. Sant Marti 2016 - B"]
[Site "Barcelona ESP"]
[Date "2016.07.19"]
[Round "7.12"]
[White "Khachatryan, Tigran V."]
[Black "Pallares Gurrea, Aitor Alexander"]
[Result "1/2-1/2"]
[WhiteElo "1936"]
[BlackElo "1752"]
[PlyCount "102"]
[EventDate "2016.07.13"]
[EventType "swiss"]
[EventRounds "9"]
[EventCountry "ESP"]
[SourceTitle "Ajedrez en Madrid"]
[Source "lmi"]
[SourceDate "2016.07.13"]
[SourceVersion "1"]
[SourceVersionDate "2019.06.21"]
[SourceQuality "1"]

1. e4 d5 2. exd5 Qxd5 3. Nc3 Qa5 4. Nf3 Nf6 5. d4 Bg4 6. Bd2 e6 7. h3 Bxf3 8.
Qxf3 Nbd7 9. Qxb7 Rb8 10. Qc6 Rxb2 11. Nb5 Qb6 12. Qc3 Rxb5 13. Bxb5 Qxb5 14.
Qxc7 Qb8 15. Qc6 Bb4 16. c3 Be7 17. Bg5 O-O 18. O-O Rc8 19. Qf3 Qb5 20. Bxf6
Bxf6 21. Rfb1 Qa6 22. Qb7 Qxb7 23. Rxb7 Nf8 24. Rxa7 Rxc3 25. Rd1 h6 26. d5
exd5 27. Rxd5 Ng6 28. a4 Rc1+ 29. Kh2 Rc2 30. Rf5 Nh4 31. Rxf6 gxf6 32. Ra8+
Kg7 33. a5 Nf5 34. Kg1 Rc1+ 35. Kh2 Rf1 36. f3 Ra1 37. a6 Ra2 38. a7 h5 39. Kg1
h4 40. Kf1 Ne3+ 41. Kg1 Rxg2+ 42. Kh1 Ra2 43. Re8 Ra1+ 44. Kh2 Nf1+ 45. Kg2
Rxa7 46. Kxf1 Ra2 47. Re4 Ra1+ 48. Kf2 Ra2+ 49. Ke3 Ra3+ 50. Kf4 Kg6 51. Rb4
Rc3 1/2-1/2

[Event "18. Obert Int. Sant Marti 2016 - B"]
[Site "Barcelona ESP"]
[Date "2016.07.19"]
[Round "7.13"]
[White "Costa Trave, Jaume"]
[Black "Nandhini, Saripalli"]
[Result "1-0"]
[WhiteElo "1902"]
[BlackElo "1716"]
[PlyCount "133"]
[EventDate "2016.07.13"]
[EventType "swiss"]
[EventRounds "9"]
[EventCountry "ESP"]
[SourceTitle "Ajedrez en Madrid"]
[Source "lmi"]
[SourceDate "2016.07.13"]
[SourceVersion "1"]
[SourceVersionDate "2019.06.21"]
[SourceQuality "1"]

1. f4 d5 2. e3 g6 3. Nf3 Bg7 4. d4 Nh6 5. Bd3 Nf5 6. O-O Nd7 7. Nc3 Nf6 8. Ne2
Ng4 9. Bxf5 gxf5 10. c4 c6 11. Ne5 Nf6 12. c5 Ne4 13. Nc3 O-O 14. Bd2 f6 15.
Nf3 Nxd2 16. Qxd2 Qe8 17. b4 Kh8 18. a4 e5 19. Rfb1 Bd7 20. b5 e4 21. Ne1 Qd8
22. a5 Qe7 23. Nc2 Rad8 24. Nb4 Bc8 25. a6 cxb5 26. Nxb5 Qd7 27. Nd6 b6 28.
Nxd5 bxc5 29. dxc5 Qc6 30. Ne7 Qxc5 31. Rd1 Be6 32. Rac1 Qa3 33. Ra1 Qc5 34.
Ra5 Qb6 35. Nexf5 Rd7 36. Rb5 Qxa6 37. Qb4 Rfd8 38. Rb8 Bxf5 39. Rxd8+ Rxd8 40.
Nf7+ Kg8 41. Nxd8 Bf8 42. Qd4 Kg7 43. Ra1 Qd3 44. Qxa7+ Kh6 45. Nf7+ Kh5 46. h3
Qe2 47. Qd4 Kg6 48. Nd8 Be7 49. Nc6 Bf8 50. g4 Bxg4 51. hxg4 Qxg4+ 52. Kf1 Qf3+
53. Ke1 Bc5 54. Qxc5 Qh1+ 55. Kf2 Qf3+ 56. Ke1 Qh1+ 57. Kd2 Qxa1 58. Nd4 Qa2+
59. Ke1 Qb1+ 60. Kf2 Qh1 61. Qf5+ Kf7 62. Qe6+ Kg7 63. Nf5+ Kg6 64. Ne7+ Kh5
65. Qf5+ Kh6 66. Qxf6+ Kh5 67. Qg5# 1-0

[Event "18. Obert Int. Sant Marti 2016 - B"]
[Site "Barcelona ESP"]
[Date "2016.07.19"]
[Round "7.14"]
[White "Valbuena Castro, Gregorio"]
[Black "Valarezzo Ricard, Pedro"]
[Result "0-1"]
[WhiteElo "1724"]
[BlackElo "1887"]
[PlyCount "58"]
[EventDate "2016.07.13"]
[EventType "swiss"]
[EventRounds "9"]
[EventCountry "ESP"]
[SourceTitle "Ajedrez en Madrid"]
[Source "lmi"]
[SourceDate "2016.07.13"]
[SourceVersion "1"]
[SourceVersionDate "2019.06.21"]
[SourceQuality "1"]

1. e4 d5 2. e5 c5 3. b4 cxb4 4. d4 Nc6 5. a3 Qb6 6. Be3 Bf5 7. Nf3 e6 8. axb4
Bxb4+ 9. c3 Be7 10. Qc1 Rc8 11. Nbd2 Nb4 12. Rb1 Bxb1 13. Qxb1 Rxc3 14. Be2
Nc2+ 15. Kd1 Nxe3+ 16. fxe3 Qxb1+ 17. Nxb1 Rb3 18. Kc2 Rb6 19. Nc3 a6 20. Na4
Rc6+ 21. Kd3 b5 22. Nc3 Bb4 23. Rc1 Rxc3+ 24. Rxc3 Bxc3 25. Kxc3 Kd7 26. Kb4
Kc7 27. Ka5 Kb7 28. Nd2 Ne7 29. Nb3 Nc6# 0-1

[Event "18. Obert Int. Sant Marti 2016 - B"]
[Site "Barcelona ESP"]
[Date "2016.07.19"]
[Round "7.15"]
[White "Fernandez Egea, Andres"]
[Black "Grasa Solanas, Oscar"]
[Result "1-0"]
[WhiteElo "1886"]
[BlackElo "1637"]
[PlyCount "51"]
[EventDate "2016.07.13"]
[EventType "swiss"]
[EventRounds "9"]
[EventCountry "ESP"]
[SourceTitle "Ajedrez en Madrid"]
[Source "lmi"]
[SourceDate "2016.07.13"]
[SourceVersion "1"]
[SourceVersionDate "2019.06.21"]
[SourceQuality "1"]

1. e4 d5 2. d4 dxe4 3. Nc3 Nf6 4. f3 exf3 5. Nxf3 e6 6. Bd3 Bb4 7. O-O O-O 8.
Bg5 Bxc3 9. bxc3 c5 10. Qe1 h6 11. Bh4 Nbd7 12. Rd1 Qc7 13. Ne5 cxd4 14. Bxf6
Nxf6 15. Rxf6 Qe7 16. Rf4 dxc3 17. Qxc3 b6 18. Rc4 Qg5 19. Rg4 Qe7 20. Rc4 Qg5
21. Rc7 f5 22. Be2 Qf6 23. Bf3 Rb8 24. Rxa7 b5 25. Qc7 Ba6 26. Rxa6 1-0

[Event "18. Obert Int. Sant Marti 2016 - B"]
[Site "Barcelona ESP"]
[Date "2016.07.19"]
[Round "7.16"]
[White "Brunet Gil, Pol"]
[Black "Ramos Alvarez, Maximo"]
[Result "1/2-1/2"]
[WhiteElo "1524"]
[BlackElo "1843"]
[PlyCount "20"]
[EventDate "2016.07.13"]
[EventType "swiss"]
[EventRounds "9"]
[EventCountry "ESP"]
[SourceTitle "Ajedrez en Madrid"]
[Source "lmi"]
[SourceDate "2016.07.13"]
[SourceVersion "1"]
[SourceVersionDate "2019.06.21"]
[SourceQuality "1"]

1. e4 c5 2. Nf3 b6 3. c4 Bb7 4. Nc3 g6 5. d4 cxd4 6. Nxd4 Bg7 7. Be3 a6 8. Be2
d6 9. O-O Nf6 10. f3 O-O 1/2-1/2

[Event "18. Obert Int. Sant Marti 2016 - B"]
[Site "Barcelona ESP"]
[Date "2016.07.19"]
[Round "7.17"]
[White "Serra Vilaro, Agustin"]
[Black "Grindbakken, Erik"]
[Result "1-0"]
[WhiteElo "1829"]
[BlackElo "1610"]
[PlyCount "80"]
[EventDate "2016.07.13"]
[EventType "swiss"]
[EventRounds "9"]
[EventCountry "ESP"]
[SourceTitle "Ajedrez en Madrid"]
[Source "lmi"]
[SourceDate "2016.07.13"]
[SourceVersion "1"]
[SourceVersionDate "2019.06.21"]
[SourceQuality "1"]

1. d4 Nf6 2. c3 g6 3. Nd2 Bg7 4. e4 d6 5. f4 O-O 6. Bc4 c5 7. dxc5 dxc5 8. e5
Bg4 9. Qb3 Nh5 10. Qxb7 Nd7 11. Ndf3 Nb6 12. Be2 Rb8 13. Qa6 Nd5 14. g3 Qc7 15.
Ng5 Bc8 16. Qc4 Bb7 17. Bf3 Rfd8 18. Ne4 Nb6 19. Qxc5 Qd7 20. Qe3 Bf8 21. Nc5
Nd5 22. Qd4 Qc7 23. Nxb7 Rxb7 24. Ne2 e6 25. Qe4 Rb6 26. O-O f5 27. Qc2 Bc5+
28. Kh1 Ng7 29. a3 h5 30. b4 Be3 31. c4 Kf7 32. Qb3 Bxc1 33. cxd5 Bd2 34. d6
Qb8 35. Rfd1 Bxb4 36. axb4 Rxb4 37. Rxa7+ Kg8 38. Qa2 Rb2 39. Qa5 Rb6 40. Ra8
Rb1 1-0

[Event "18. Obert Int. Sant Marti 2016 - B"]
[Site "Barcelona ESP"]
[Date "2016.07.19"]
[Round "7.18"]
[White "Martos Martin, Josep Angel"]
[Black "Volart Buil, Jordi"]
[Result "1-0"]
[WhiteElo "1981"]
[BlackElo "1819"]
[PlyCount "57"]
[EventDate "2016.07.13"]
[EventType "swiss"]
[EventRounds "9"]
[EventCountry "ESP"]
[SourceTitle "Ajedrez en Madrid"]
[Source "lmi"]
[SourceDate "2016.07.13"]
[SourceVersion "1"]
[SourceVersionDate "2019.06.21"]
[SourceQuality "1"]

1. e4 c5 2. b3 b6 3. Bb2 Bb7 4. d3 Qc7 5. Nf3 d6 6. g3 e5 7. Bg2 Be7 8. Nc3 a6
9. a4 Nf6 10. O-O Nbd7 11. Nh4 O-O-O 12. Nf5 Bf8 13. Bc1 h6 14. Bd2 g6 15. Ne3
Bc6 16. Qf3 Rh7 17. Rfb1 a5 18. Nb5 Qb8 19. c3 Bxb5 20. axb5 Qb7 21. b4 cxb4
22. cxb4 d5 23. exd5 Bxb4 24. Bxb4 axb4 25. Rxb4 Nh5 26. Rba4 Qc7 27. d6 e4 28.
Qxe4 Nc5 29. Ra8+ 1-0